000 00577nam a22001937a 4500
005 20170516092251.0
008 170516b xxu||||| |||| 00| 0 eng d
020 _a9789693530360
040 _cPK-LaUMT
082 _a378.101
_bKHA-A
100 _aKhalid Aftab
245 _aAgainst all odds :
_binstitution building in the real world /
_cKhalid Aftab
260 _aLahore :
_bSang-e-Meel Publications,
_c2017
300 _a253 p.
650 _aEducation Institutions
650 _aCollege and University-Administration
650 _aG. C. University-History
942 _cBK
999 _c93555
_d93555